000 00454nam a2200181Ia 4500
005 20250508152520.0
008 008 250505s9999 xx 000 0 hin d
037 _aTextual
040 _aFEDL
_beng
_cFEDL
041 _ahin
_2hin
084 _aFH, HAM
_qFEDL
100 _aHamson Neeut
_9761673
245 0 _aBhuk
260 _aAllahabad, India
_bKitab Mahal
300 _a252p.
942 _cTEXL
_hFH, HAM
999 _c1336924
_d1336924